15 Biggest Cities in the European Union (with a map) - Statistics

General Stats
  • This quiz has been taken 18,353 times
    18,189 since last reset
  • The average score is 14 of 15
Answers on the Map
Answers color-coded by a green-red scale on the quiz's map according to % correct below.
 
Answer Stats
Population City % Correct
11.4 mil Paris
100%
4.75 mil Berlin
99%
6.45 mil Madrid
99%
3.58 mil Rome
99%
2.45 mil Amsterdam
98%
3.35 mil Athens
98%
4.73 mil Barcelona
98%
2.55 mil Lisbon
98%
5.20 mil Milan
96%
2.60 mil Budapest
93%
4.23 mil Naples
92%
2.88 mil Hamburg
88%
3.28 mil Frankfurt
87%
3.23 mil Rotterdam
86%
5.00 mil Cologne
83%
No matching quizzes found
Score Distribution
Percent of People with Each Score
Percentile by Number Answered
Your Score History
You have not taken this quiz since the last reset